Marx (sin ismos) / (Record no. 47921)

MARC details
000 -LEADER
campo de control de longitud fija 00688nam a2200241 i 4500
001 - NÚMERO DE CONTROL
campo de control 47921
003 - IDENTIFICADOR DE NÚMERO DE CONTROL
campo de control ES-MaACL
005 - FECHA Y HORA DE LA ÚLTIMA TRANSACCIÓN
campo de control 20250329173411.0
007 - CAMPO FIJO DE DESCRIPCIÓN FÍSICA--INFORMACIÓN GENERAL
campo de control de longitud fija t|
008 - DATOS DE LONGITUD FIJA--INFORMACIÓN GENERAL
campo de control de longitud fija 030625s1999 sp ||||1| spa d
020 ## - NÚMERO INTERNACIONAL ESTÁNDAR DEL LIBRO
Número Internacional Estándar del Libro 84-922573-9-3
080 ## - NÚMERO DE LA CLASIFICACIÓN DECIMAL UNIVERSAL
Número de la Clasificación Decimal Universal 1 Marx, Karl
100 1# - ENTRADA PRINCIPAL--NOMBRE DE PERSONA
Nombre de persona Fernández Buey, Francisco.
9 (RLIN) 49526
245 10 - MENCIÓN DEL TÍTULO
Título Marx (sin ismos) /
Mención de responsabilidad, etc. Francisco Fernández Buey.
250 ## - MENCION DE EDICION
Mención de edición 2ª ed. rev.
260 ## - PUBLICACIÓN, DISTRIBUCIÓN, ETC.
Lugar de publicación, distribución, etc. Barcelona :
Nombre del editor, distribuidor, etc. El Viejo Topo,
Fecha de publicación, distribución, etc. 1999.
300 ## - DESCRIPCIÓN FÍSICA
Extensión 243 p. ;
Dimensiones 22 cm.
490 1# - MENCIÓN DE SERIE
Mención de serie Ensayo
600 14 - PUNTO DE ACCESO ADICIONAL DE MATERIA--NOMBRE DE PERSONA
Nombre de persona Marx, Karl,
Fechas asociadas al nombre 1818-1883-
Subdivisión general Crítica e interpretación
9 (RLIN) 78591
830 0# - PUNTO DE ACCESO ADICIONAL DE SERIE-TÍTULO UNIFORME
Título uniforme Ensayo
9 (RLIN) 177699
852 ## - LOCALIZACIÓN
Ubicación ES-MaACL
Número de control de estantería L-26465
Sublocalización o colección R.131503
Holdings
Estatus retirado Estado de pérdida Estado de daño No para préstamo Biblioteca de origen Biblioteca actual Ubicación en estantería Fecha de adquisición Fuente de adquisición Total de préstamos Signatura topográfica completa Código de barras Visto por última vez Precio de reemplazo Tipo de ítem Koha
        Biblioteca del Ateneo de Madrid Biblioteca del Ateneo de Madrid Depósito 2 17/01/2008     L-26465 1050431 23/02/2023 23/02/2023 Libro impreso